Dīwān al-Nābighah al-Dhubyānī al-shāʻir al-jāhilī al-shahīr : naqlan ʻan dīwān al-shuʻarāʼ al-khamsah.
Saved in:
Main Author:
Format: Book
Language: Arabic
Published:
Miṣr :
Maṭbaʻat al-Hilāl,
1911.
Subjects:
Tags: Add Tag
No Tags, Be the first to tag this record!
Call Number: PJ7696 .N25 D5 1911
| LEADER | 01260nam a2200241Ia 4500 | ||
|---|---|---|---|
| 003 | OSt | ||
| 005 | 20231023061243.0 | ||
| 008 | 130303s1911 ua 000 0 ara d | ||
| 952 | |0 0 |1 0 |2 lcc |4 0 |6 PJ7696 N25 D5 01911 |7 1 |9 50996 |a ARCE |b ARCE |d 2023-10-23 |l 0 |o PJ7696 .N25 D5 1911 |p 1030834 |r 2023-10-23 00:00:00 |w 2023-10-23 |y BK | ||
| 999 | |c 26924 |d 26924 | ||
| 040 | |c ARCE Library | ||
| 050 | 4 | |a PJ7696 .N25 D5 1911 | |
| 100 | 0 | |6 880-01 |a Nābighah al-Dhubyānī, |d active 6th century, |e author | |
| 245 | 1 | 0 | |6 880-02 |a Dīwān al-Nābighah al-Dhubyānī al-shāʻir al-jāhilī al-shahīr : |b naqlan ʻan dīwān al-shuʻarāʼ al-khamsah. |
| 264 | 1 | |a Miṣr : |b Maṭbaʻat al-Hilāl, |c 1911. | |
| 300 | |a 126 pages ; |c 25 cm. | ||
| 500 | |a Reproduced from the Dīwān of the Five Poets, with some corrections. | ||
| 600 | 0 | 0 | |a Nābighah al-Dhubyānī, |d active 6th century. |t Diwan. |
| 650 | 0 | |a Arabic poetry |y 622-750. | |
| 880 | 0 | |6 100-01/(3/r |a نابغة الذبياني، |d نشط القرن 6. | |
| 880 | 1 | 0 | |6 245-02/(3/r |a ديوان النابغة الذبياني الشاعر الجاهلي الشهير : |b نقلا عن ديوان الشعراء الخمسة |
| 901 | |a reviewed | ||
| 942 | |c BK |2 lcc | ||
